Praktická cvičení z lékařské chemie.

Uložené v:
Podrobná bibliografia
Médium: Kniha
Jazyk:Czech
Vydané: Praha : Státní pedagogické nakladatelství, 1963.
Fyzický popis: 193 strán.
Tagy: Pridať tag
Žiadne tagy, Buďte prvý kto otaguje tento záznam!

MARC

LEADER 00000nam a22000002i 4500
001 000708607
005 20240320135506.0
008 240131s1963 xr e 000 0 cze d
020 |c Kčs 12,00  |q (brožované) 
040 |a SVKKK  |b slo  |c SVKKK  |e rda 
041 0 |a cze 
044 |a xr  |c CZ 
245 0 0 |a Praktická cvičení z lékařské chemie. 
264 1 |a Praha :  |b Státní pedagogické nakladatelství,  |c 1963. 
300 |a 193 strán. 
336 |a text  |b txt  |2 rdacontent 
337 |a bez média  |b n  |2 rdamedia 
338 |a zväzok  |b nc  |2 rdacarrier 
500 |a Záznam revízie 
910 |a svkkk 
998 |a BK 
090 |g SCKHL  |k Sklad Pribinova 3. posch.  |a V.35693  |j 318195  |i 2721044102  |s Vyradená 
090 |g SCKHL  |k Sklad Pribinova 3. posch.  |a V.35694  |j 318196  |i 2721044103  |s Vyradená